000 00917nam a22002898i 4500
001 021290938
003 EG-ScBUE
005 20260209144630.0
008 250211s2025 enk f b 001 0 eng d
020 _a9781032968735
040 _aStDuBDS
_beng
_erda
_cStDuBDS
_dEG-ScBUE
082 0 4 _a303.4834
_222
_bFEH
100 1 _aFehér, Katalin,
_d1974-
_eauthor.
245 1 0 _aGenerative AI, media, and society /
_cKatalin Feher.
264 1 _aLondon :
_bRoutledge,
_c2025.
300 _a176 pages ;
_c24 cm
336 _atext
_2rdacontent
_btxt
337 _aunmediated
_2rdamedia
_bn
338 _avolume
_2rdacarrier
_bnc
504 _aIncludes bibliographical references and index.
650 7 _aArtificial intelligence
_xSocial aspects.
_2BUEsh
650 7 _aDigital media
_xSocial aspects.
_2BUEsh
653 _cFebruary2026
_bCOMAME
655 _vReading book
942 _2ddc
_cBB
999 _c31096
_d31067